El plan de gestión: un método integral para su elaboración y control (Registro nro. 4454)

Detalles MARC
000 -Cabecera
Campo de control de longitud fija 00817aam a2200289 4500
005 - Fecha y hora de la última transacción
Campo de control 20250527175815.0
008 - Elementos de longitud fija--Información general
Campo de control de longitud fija 150410b2000 xxu||||| |||| 00| 0 spa d
041 ## - Idioma
Código de idioma
082 ## - Clasificación Decimal Dewey
Número de clasificación 658.401.2 V481p
100 ## - Entrada principal--Autor personal
Nombre personal Vercher Bellver,Salvador
9 (RLIN) 32820
245 ## - Título propiamente dicho
Título El plan de gestión: un método integral para su elaboración y control
260 ## - Pie de imprenta
Lugar de publicación, distribución, etc. Colombia
260 ## - Pie de imprenta
Nombre del editor, distribuidor, etc. Alfaomega
260 ## - Pie de imprenta
Fecha de publicación, distribución, etc. 2000
300 ## - Descripción física
Extensión 221 páginas
650 ## - Materia general
Temática (materia general) PLANIFICACIÓN Y ELABORACIÓN DE POLÍTICAS
650 ## - Materia general
Temática (materia general) ADMINISTRACION ESTRATEGICA
650 ## - Materia general
Temática (materia general) PLANIFICACIÓN FINANCIERA
650 ## - Materia general
Temática (materia general) PLANIFICACION ESTRATEGICA
650 ## - Materia general
Temática (materia general) CONTROL INTERNO
650 ## - Materia general
Temática (materia general) PLANIFICACION ECONÓMICA
650 ## - Materia general
Temática (materia general) PRESUPUESTO
650 ## - Materia general
Temática (materia general) ELABORACION
650 ## - Materia general
Temática (materia general) CASOS PRÁCTICOS
942 ## - Punto de acceso adicional KOHA
Tipo de ítem KOHA Libro
Fuente del sistema de clasificación o colocación Dewey Decimal Classification
Existencias
Signatura completa Código de barras Programa Académico Tipo de ítem
658.401.2 V481p 13359 Dirección y Administración de Empresas Libro
658.401.2 V481p 13360 Dirección y Administración de Empresas Libro